[Event "Fast Slavian"]
[Site "SchemingMind.com"]
[Date "2018.10.19"]
[Round "-"]
[White "Kenny Elliott"]
[Black "willyboy"]
[Result "0-1"]
[WhiteCountry "USA"]
[BlackCountry "AUT"]
[WhiteElo "1500"]
[WhiteRD "78"]
[BlackElo "2129"]
[BlackRD "62"]
[GameID "433757"]

1. d4 d5 2. c4 c6 3. Nf3 Nf6 4. Nc3 e6 5. cxd5 exd5 6. Bg5 Be7 7. e3 h6 8. Bh4 Bg4 9. Be2 Nbd7 10. Qb3 Qb6
11. Qc2 Bd6 12. Bxf6 Nxf6 13. Ne5 Bxe2 14. Nxe2 Qc7 15. Nf3 O-O 16. O-O Ne4 17. Nc1 Ng5 18. Nxg5 Bxh2+ 19. Kh1 hxg5 20. g3 Bxg3
21. fxg3 Qxg3 22. Qg2 Qxe3 23. Nb3 Rae8 24. Nc5 Qxd4 25. Nd7 Re4 26. Qh3 Rh4 27. Qxh4 Qxh4+ 28. Kg1 Qg3+ 29. Kh1 Re8 30. Nc5 Re2
0-1

[Event "Fast Slavian"]
[Site "SchemingMind.com"]
[Date "2018.10.19"]
[Round "-"]
[White "willyboy"]
[Black "Kenny Elliott"]
[Result "1-0"]
[WhiteCountry "AUT"]
[BlackCountry "USA"]
[WhiteElo "2012"]
[WhiteRD "80"]
[BlackElo "1521"]
[BlackRD "81"]
[GameID "433758"]

1. d4 d5 2. c4 c6 3. Nc3 e6 4. e3 Bb4 5. Nf3 Bxc3+ 6. bxc3 Nf6 7. Bd3 O-O 8. Ba3 Re8 9. cxd5 exd5 10. O-O Bg4
11. c4 a6 12. h3 dxc4 13. Bxc4 Qa5 14. hxg4 Qxa3 15. Ne5 Qe7 16. Bxf7+ Kf8 17. g5 Rd8 18. Qb1 Nbd7 19. gxf6 gxf6 20. Qxh7
1-0

[Event "Fast Slavian"]
[Site "SchemingMind.com"]
[Date "2018.11.01"]
[Round "-"]
[White "Kenny Elliott"]
[Black "Chessibelle"]
[Result "1-0"]
[WhiteCountry "USA"]
[BlackCountry "ENG"]
[WhiteElo "1500"]
[WhiteRD "78"]
[BlackElo "1255"]
[BlackRD "63"]
[GameID "434196"]

1. d4 d5 2. c4 c6 3. Nf3 Nd7 4. e3 e6 5. g3 Ne7 6. Bg2 g6 7. O-O Bg7 8. c5 O-O 9. Nc3 b6 10. b4 f5
11. Ng5 Rf6 12. e4 Bb7 13. e5 Rf8 14. Nxe6 Qe8 15. Nxf8 Nxf8 16. Bg5 Nd7 17. Re1 h6 18. Bf6 Nxf6 19. exf6 Bxf6 20. Qb3 Bxd4
21. Rad1 Qf7 22. Rxd4 Qf6 23. Bxd5+ Kg7 24. Re6 Qxd4 25. Rxe7+ Kf8 26. Rxb7 Re8 27. Bxc6 Re1+ 28. Kg2 Qf6 29. Rb8+ Kg7 30. Qg8#
1-0

[Event "Fast Slavian"]
[Site "SchemingMind.com"]
[Date "2018.11.01"]
[Round "-"]
[White "Chessibelle"]
[Black "Kenny Elliott"]
[Result "0-1"]
[WhiteCountry "ENG"]
[BlackCountry "USA"]
[WhiteElo "1191"]
[WhiteRD "61"]
[BlackElo "1554"]
[BlackRD "72"]
[GameID "434197"]

1. d4 d5 2. c4 c6 3. Nd2 Nf6 4. f3 g6 5. e3 Bg7 6. Ne2 O-O 7. h3 Bf5 8. g4 Bd3 9. Nb3 Bxe2 10. Bxe2 Qd6
11. Bd2 Qg3+ 12. Kf1 dxc4 13. Be1 Qd6 14. Bxc4 b5 15. Bd3 Nd5 16. Bf2 Nd7 17. Nd2 e5 18. Ne4 Qc7 19. Ng5 exd4 20. e4 Nf4
21. Bc2 Qe5 22. h4 h6 23. Nh3 Nb6 24. Bxd4 Qxd4 25. Nxf4 Qxd1+ 26. Rxd1 Bxb2 27. Kg2 Nc4 28. Rd7 Ne3+ 29. Kf2 Nxc2 30. Rd2 Bd4+
31. Kg3 Be3 32. Rxc2 c5 33. Nd5 Bd4 34. Rb1 b4 35. Rb3 a5 36. Nb6 Ra6 37. Nd5 a4 38. Rb1 Rb8 39. f4 b3 40. Rd2 b2
41. Nc7 Ra7 42. Nd5 a3 43. f5 Re8 44. Nf4 Be3 45. Rd6 Bxf4+ 46. Kxf4 c4 47. fxg6 c3 48. Rc6 fxg6 49. Rxg6+ Kh7 50. Rc6 Ra4
51. Rc7+ Kg8 52. h5 Rexe4+ 53. Kf5 Rxg4 54. Rxc3 Rh4 55. Rc8+ Kf7 56. Rc7+ Ke8 57. Kg6 Ra5 58. Kf6 Raxh5 59. Re7+ Kf8 60. Rf7+ Kg8
61. Ra7 Rh1 62. Ra8+ Kh7 63. Ra7+ Kg8 64. Kg6 Kf8 65. Rxa3 R5h2 66. Rf3+ Kg8 67. Rf7 Rg2+ 68. Kf5 Rxb1 69. a4 Kxf7 70. a5 Rg5+
71. Ke4 Re1+ 72. Kd4 Ke6 73. a6 Rd5+ 74. Kc4 Rc1+ 75. Kb3 Rb5+
0-1

[Event "Fast Slavian"]
[Site "SchemingMind.com"]
[Date "2018.11.01"]
[Round "-"]
[White "Chessibelle"]
[Black "willyboy"]
[Result "0-1"]
[WhiteCountry "ENG"]
[BlackCountry "AUT"]
[WhiteElo "1255"]
[WhiteRD "63"]
[BlackElo "2129"]
[BlackRD "62"]
[GameID "434198"]

1. d4 d5 2. c4 c6 3. Nd2 Bf5 4. b3 e6 5. e3 Nf6 6. Ne2 Be7 7. g3 Bb4 8. Bg2 Ne4 9. O-O Nc3 10. Qe1 Nd7
11. Bb2 Nb1 12. Qd1 Nxd2 13. Kh1 Nxf1 14. Bxf1 Nf6 15. Bg2 h5 16. h4 g5 17. hxg5 Ne4 18. Qf1 h4 19. Bh3 Bxh3 20. Qxh3 Nxf2+
0-1

[Event "Fast Slavian"]
[Site "SchemingMind.com"]
[Date "2018.11.01"]
[Round "-"]
[White "willyboy"]
[Black "Chessibelle"]
[Result "1-0"]
[WhiteCountry "AUT"]
[BlackCountry "ENG"]
[WhiteElo "2129"]
[WhiteRD "62"]
[BlackElo "1255"]
[BlackRD "63"]
[GameID "434199"]

1. d4 d5 2. c4 c6 3. Nf3 f6 4. Nc3 e6 5. e4 Ne7 6. Bd3 Nd7 7. exd5 Nb6 8. d6 Qxd6 9. c5 Qc7 10. cxb6 Qxb6
11. O-O h6 12. Re1 Qc7 13. Nh4 Rg8 14. Ng6 Nxg6 15. Bxg6+ Kd8 16. d5 Ke7 17. Qh5 Kd6 18. Bf4+ e5 19. Bxe5+
1-0

[Event "Fast Slavian"]
[Site "SchemingMind.com"]
[Date "2018.11.05"]
[Round "-"]
[White "Kenny Elliott"]
[Black "flyinduck"]
[Result "0-1"]
[WhiteCountry "USA"]
[BlackCountry "CAN"]
[WhiteElo "1500"]
[WhiteRD "78"]
[BlackElo "1993"]
[BlackRD "51"]
[GameID "434255"]

1. d4 d5 2. c4 c6 3. Nf3 Nf6 4. Nc3 dxc4 5. e4 b5 6. b3 cxb3 7. axb3 Bg4 8. b4 e6 9. Ba3 a5 10. Nxb5 axb4
11. Be2 cxb5 12. Bxb4 Bxb4+ 13. Nd2 Bxd2+ 14. Qxd2 Rxa1+ 15. Bd1 Rxd1+
0-1

[Event "Fast Slavian"]
[Site "SchemingMind.com"]
[Date "2018.11.05"]
[Round "-"]
[White "flyinduck"]
[Black "Kenny Elliott"]
[Result "1-0"]
[WhiteCountry "CAN"]
[BlackCountry "USA"]
[WhiteElo "2000"]
[WhiteRD "55"]
[BlackElo "1554"]
[BlackRD "72"]
[GameID "434256"]

1. d4 d5 2. c4 c6 3. Nf3 Nf6 4. Nc3 Bg4 5. Ne5 Nbd7 6. Nxg4 Nxg4 7. e4 e5 8. Qxg4 Qb6 9. dxe5 Nxe5 10. Qg3 Ng6
11. exd5 Bb4 12. Be2 Bxc3+ 13. Qxc3 O-O 14. O-O Rfe8 15. Be3 Qc7 16. Rfe1 Rad8 17. Rad1 h6 18. Bf1 cxd5 19. cxd5 Qxc3 20. bxc3 a6
21. c4 Rc8 22. Bd4 Rb8 23. g3 Rec8 24. h4 b5 25. c5 a5 26. d6 Rb7 27. Bg2 Rbb8 28. c6
1-0

[Event "Fast Slavian"]
[Site "SchemingMind.com"]
[Date "2018.11.05"]
[Round "-"]
[White "Chessibelle"]
[Black "flyinduck"]
[Result "0-1"]
[WhiteCountry "ENG"]
[BlackCountry "CAN"]
[WhiteElo "1255"]
[WhiteRD "63"]
[BlackElo "1993"]
[BlackRD "51"]
[GameID "434257"]

1. d4 d5 2. c4 c6 3. Nf3 Nf6 4. h3 Bf5 5. Nbd2 h6 6. g4 Bh7 7. Bg2 e6 8. O-O Bd6 9. e3 Nbd7 10. b3 Qe7
11. Re1 O-O 12. Nh4 Ne4 13. f3 Nxd2 14. Bxd2 Qxh4 15. e4 e5 16. Bc3 exd4 17. Bb2 dxe4 18. Qxd4 Bc5
0-1

[Event "Fast Slavian"]
[Site "SchemingMind.com"]
[Date "2018.11.05"]
[Round "-"]
[White "flyinduck"]
[Black "Chessibelle"]
[Result "1-0"]
[WhiteCountry "CAN"]
[BlackCountry "ENG"]
[WhiteElo "1993"]
[WhiteRD "51"]
[BlackElo "1255"]
[BlackRD "63"]
[GameID "434258"]

1. d4 d5 2. c4 c6 3. Nf3 h6 4. Nc3 e6 5. e4 f6 6. Bd3 g5 7. O-O Bd6 8. exd5 Ne7 9. Re1 O-O 10. dxe6 a6
11. Bc2 f5 12. Qd3 Qe8 13. d5 Ng6 14. Be3 Qe7 15. Nd4 Qf6 16. Nxf5 Bc7 17. Nxh6+ Kh8 18. Bd4 Ne5 19. Qh7#
1-0

[Event "Fast Slavian"]
[Site "SchemingMind.com"]
[Date "2018.11.05"]
[Round "-"]
[White "flyinduck"]
[Black "willyboy"]
[Result "0-1"]
[WhiteCountry "CAN"]
[BlackCountry "AUT"]
[WhiteElo "2000"]
[WhiteRD "55"]
[BlackElo "2179"]
[BlackRD "64"]
[GameID "434259"]

1. d4 d5 2. c4 c6 3. Nf3 Nf6 4. Nc3 dxc4 5. a4 Bf5 6. Ne5 e6 7. f3 Bb4 8. e4 Bxe4 9. fxe4 Nxe4 10. Qf3 Qxd4
11. Qxf7+ Kd8 12. Bg5+ Kc8 13. Qxe6+ Nd7 14. Qxd7+ Qxd7 15. Nxd7 Nxc3 16. bxc3 Bxc3+ 17. Kd1 Bxa1 18. Nc5 Bf6 19. Bxf6 gxf6 20. Bxc4 Rd8+
21. Kc2 Re8= 22. Rf1 Re5 23. Nd3 Re4 24. Kc3 Kc7 25. Rxf6 Rae8 26. Rf7+ R8e7 27. Rxe7+ Rxe7 28. Nf4 a6= 29. a5 b5 30. axb6+ Kxb6
31. Ne6 Rf7 32. Bd3 Rf2 33. Be4 a5 34. Kb3 Re2
0-1

[Event "Fast Slavian"]
[Site "SchemingMind.com"]
[Date "2018.11.05"]
[Round "-"]
[White "willyboy"]
[Black "flyinduck"]
[Result "1-0"]
[WhiteCountry "AUT"]
[BlackCountry "CAN"]
[WhiteElo "2179"]
[WhiteRD "64"]
[BlackElo "2000"]
[BlackRD "55"]
[GameID "434260"]

1. d4 d5 2. c4 c6 3. Nc3 e5 4. dxe5 d4 5. Nb1 c5 6. e3 Nc6 7. Nf3 Nge7 8. Bd3 Bg4 9. exd4 cxd4 10. Nbd2 Nxe5
11. Be4 N7c6 12. O-O Bd6 13. h3 Be6 14. b3 Qd7 15. Bb2 Bc7 16. Nxe5 Nxe5 17. f4 f5 18. Bxb7 Rb8 19. Bd5 Bxd5 20. cxd5 Ng6
21. Qe2+ Kf7 22. Qc4 Bb6 23. d6+ Qe6 24. Rad1 Rbc8 25. Qxe6+ Kxe6 26. Nc4 Rc6 27. Bxd4 Bxd4+ 28. Rxd4 Rd8 29. g4 Nh4 30. Re1+ Kf6
31. g5+ Kf7 32. Ne5+
1-0

[Event "Fast Slavian"]
[Site "SchemingMind.com"]
[Date "2018.11.05"]
[Round "-"]
[White "Kenny Elliott"]
[Black "ray winteringham"]
[Result "1-0"]
[WhiteCountry "USA"]
[BlackCountry "ENG"]
[WhiteElo "1500"]
[WhiteRD "78"]
[BlackElo "1495"]
[BlackRD "54"]
[GameID "434304"]

1. d4 d5 2. c4 c6 3. Nf3 Bf5 4. Nc3 e6 5. cxd5 cxd5 6. Bf4 Be7 7. Qb3 Nf6 8. Bxb8 Rxb8 9. Ne5 Nd7 10. e4 dxe4
11. Bb5 O-O 12. Nxd7 Bf6 13. Nxf8 Kxf8 14. O-O-O Bg5+ 15. Kb1 e3+ 16. Ka1 exf2 17. d5 e5 18. Qb4+ Kg8 19. d6 a6 20. Bc4 e4
21. Qc5 Bg6 22. Qe5 e3 23. Ne4 Bxe4 24. Qxe4 Qd7 25. Rhf1 Re8 26. Qf3 g6 27. Be2 b5 28. Qd5 Kg7 29. Qxg5
1-0

[Event "Fast Slavian"]
[Site "SchemingMind.com"]
[Date "2018.11.04"]
[Round "-"]
[White "ray winteringham"]
[Black "Kenny Elliott"]
[Result "1-0"]
[WhiteCountry "ENG"]
[BlackCountry "USA"]
[WhiteElo "1495"]
[WhiteRD "54"]
[BlackElo "1500"]
[BlackRD "78"]
[GameID "434305"]

1. d4 d5 2. c4 c6 3. cxd5 cxd5 4. e3 Bf5 5. Bb5+ Nc6 6. Nf3 Be4 7. Nc3 Nf6 8. Ne5 Bxg2 9. Rg1 a6 10. Nxc6 Qb6
11. Ne5+ axb5 12. Rxg2 O-O-O 13. Nxf7 b4 14. Na4 Qa5 15. b3 e6 16. Nxh8 Ne4 17. Nf7 b5 18. Nxd8 bxa4 19. Nxe6
1-0

[Event "Fast Slavian"]
[Site "SchemingMind.com"]
[Date "2018.11.04"]
[Round "-"]
[White "ray winteringham"]
[Black "Chessibelle"]
[Result "1-0"]
[WhiteCountry "ENG"]
[BlackCountry "ENG"]
[WhiteElo "1495"]
[WhiteRD "54"]
[BlackElo "1255"]
[BlackRD "63"]
[GameID "434306"]

1. d4 d5 2. c4 c6 3. e3 e6 4. c5 Ne7 5. Be2 g6 6. Nf3 Bg7 7. Bd2 O-O 8. O-O f5 9. Nc3 Qc7 10. b4 b6
11. a4 Na6 12. b5 Nb8 13. bxc6 Nbxc6 14. Nb5 Qd7 15. Qc2 Qe8 16. a5 Bb7 17. Nc7 Qf7 18. Nxa8 Bxa8 19. axb6 Bb7 20. bxa7 Ra8
21. Qb3 Nc8 22. Ne5 Nxe5 23. dxe5 Bc6 24. f4 Qe7 25. Rfc1 h6 26. Bb5 g5 27. Bxc6 Rxa7 28. Qb8 Rc7 29. Qb5 Kh7 30. Ba5 Na7
31. Qa4 Rc8 32. Bb5 Rb8 33. Bd3 h5 34. Bb4 Qd8 35. Qxa7 Rc8 36. Ra6 Qe8 37. Rca1 Qg6 38. Qd7 Rg8 39. Rxe6 Kh6 40. Rxg6+ Kxg6
41. Qxf5+
1-0

[Event "Fast Slavian"]
[Site "SchemingMind.com"]
[Date "2018.11.04"]
[Round "-"]
[White "Chessibelle"]
[Black "ray winteringham"]
[Result "0-1"]
[WhiteCountry "ENG"]
[BlackCountry "ENG"]
[WhiteElo "1255"]
[WhiteRD "63"]
[BlackElo "1495"]
[BlackRD "54"]
[GameID "434307"]

1. d4 d5 2. c4 c6 3. e3 e6 4. Nd2 b6 5. Ne2 Bb7 6. g3 Bd6 7. f4 dxc4 8. Nxc4 Bb4+ 9. Nd2 c5 10. e4 Bxd2+
11. Bxd2 Bxe4 12. Rg1 cxd4 13. Bb4 Ne7 14. Nxd4 Bd5 15. Qg4 g6 16. Qg5 O-O 17. Bc3 Nd7 18. Qh6 f6 19. Qh3 f5 20. a3 Be4
21. Qh6 Rf7 22. b4 Qf8 23. Qh4 Rc8 24. Nxe6 Qe8 25. g4 Rxc3 26. Be2 Nd5 27. Ng5 Bd3 28. Kd2 Qxe2#
0-1

[Event "Fast Slavian"]
[Site "SchemingMind.com"]
[Date "2018.11.05"]
[Round "-"]
[White "ray winteringham"]
[Black "flyinduck"]
[Result "0-1"]
[WhiteCountry "ENG"]
[BlackCountry "CAN"]
[WhiteElo "1495"]
[WhiteRD "54"]
[BlackElo "1993"]
[BlackRD "51"]
[GameID "434308"]

1. d4 d5 2. c4 c6 3. c5 e5 4. e3 Nf6 5. Be2 e4 6. f3 b6 7. a4 bxc5 8. dxc5 Bxc5 9. Qb3 O-O 10. Nc3 Na6
11. Bd2 Rb8 12. Qc2 Nb4 13. Qc1 Qe7 14. b3 Re8 15. h3 Bf5 16. fxe4 Nxe4 17. Nf3 Nxd2 18. Qxd2 Nc2+ 19. Kf2 Nxa1 20. Rxa1 Bxe3+
0-1

[Event "Fast Slavian"]
[Site "SchemingMind.com"]
[Date "2018.11.05"]
[Round "-"]
[White "flyinduck"]
[Black "ray winteringham"]
[Result "1-0"]
[WhiteCountry "CAN"]
[BlackCountry "ENG"]
[WhiteElo "2000"]
[WhiteRD "55"]
[BlackElo "1463"]
[BlackRD "51"]
[GameID "434309"]

1. d4 d5 2. c4 c6 3. Nf3 Bf5 4. Nc3 e6 5. g3 Be7 6. Bg2 Bf6 7. O-O Ne7 8. Re1 O-O 9. Bg5 Nd7 10. Qb3 b6
11. e4 dxe4 12. Nxe4 Bxe4 13. Rxe4 c5 14. Rd1 Bxg5 15. Nxg5 Rb8 16. h4 Qc7 17. Qd3 g6 18. d5 e5 19. d6 Qd8 20. dxe7 Qxe7
21. Qxd7 Qf6 22. Ree1 a5 23. Bd5 Kg7 24. Ne6+ Kg8 25. Nxf8 Rxf8 26. Bg2 Kg7 27. Rd6 Qf5 28. Qxf5 gxf5 29. Rxe5
1-0

[Event "Fast Slavian"]
[Site "SchemingMind.com"]
[Date "2018.11.04"]
[Round "-"]
[White "ray winteringham"]
[Black "willyboy"]
[Result "0-1"]
[WhiteCountry "ENG"]
[BlackCountry "AUT"]
[WhiteElo "1495"]
[WhiteRD "54"]
[BlackElo "2129"]
[BlackRD "62"]
[GameID "434310"]

1. d4 d5 2. c4 c6 3. c5 e5 4. e3 Be7 5. Be2 e4 6. f3 Nf6 7. fxe4 Nxe4 8. Nf3 b6 9. b4 a5 10. O-O axb4
11. cxb6 Qxb6 12. Bb2 O-O 13. Nbd2 Nc3 14. Bxc3 bxc3 15. Nb3 Nd7 16. Qd3 Ba6 17. Qc2 Bxe2 18. Qxe2 Nf6 19. Ne5 Rfe8 20. Qc2 c5
21. Qxc3 Ne4 22. Qd3 c4 23. Qc2 Bg5 24. Rf3 cxb3 25. Qb2 Rxa2 26. Qc1 b2
0-1

[Event "Fast Slavian"]
[Site "SchemingMind.com"]
[Date "2018.11.05"]
[Round "-"]
[White "willyboy"]
[Black "ray winteringham"]
[Result "1-0"]
[WhiteCountry "AUT"]
[BlackCountry "ENG"]
[WhiteElo "2129"]
[WhiteRD "62"]
[BlackElo "1495"]
[BlackRD "54"]
[GameID "434311"]

1. d4 d5 2. c4 c6 3. Nf3 Bg4 4. Ne5 Bf5 5. cxd5 cxd5 6. e4 dxe4 7. Bc4 e6 8. g4 Bg6 9. Qa4+ Ke7 10. Qb4+ Kf6
11. g5+ Kf5 12. Qd2 Nc6 13. Qf4#
1-0

[Event "Fast Slavian"]
[Site "SchemingMind.com"]
[Date "2018.11.27"]
[Round "-"]
[White "Kenny Elliott"]
[Black "echecs"]
[Result "0-1"]
[WhiteCountry "USA"]
[BlackCountry "ENG"]
[WhiteElo "1554"]
[WhiteRD "72"]
[BlackElo "1834"]
[BlackRD "61"]
[GameID "435130"]

1. d4 d5 2. c4 c6 3. Nf3 e6 4. e3 a6 5. c5 Nf6 6. Nc3 Be7 7. b4 b6 8. Bd3 O-O 9. O-O Nbd7 10. Bb2 Rb8
11. a3 bxc5 12. dxc5 a5 13. Qc2 axb4 14. axb4 g6 15. e4 Qc7 16. Rfe1 Rxb4 17. exd5 cxd5 18. Ba3 Rb8 19. Nxd5 Nxd5 20. c6 N7f6
21. Bxe7 Nxe7 22. Ne5 Nfd5 23. Be4 Qxe5 24. Bxd5 Qxd5 25. c7 Bb7 26. f3 Ra8 27. Red1 Qe5 28. Rxa8 Bxa8 29. Rd8 Bb7 30. Qc1 Nd5
31. c8=Q Bxc8 32. Rxf8+ Kxf8 33. Qxc8+ Kg7 34. Qc1 Nf4
0-1

[Event "Fast Slavian"]
[Site "SchemingMind.com"]
[Date "2018.11.26"]
[Round "-"]
[White "echecs"]
[Black "Kenny Elliott"]
[Result "1-0"]
[WhiteCountry "ENG"]
[BlackCountry "USA"]
[WhiteElo "1834"]
[WhiteRD "61"]
[BlackElo "1554"]
[BlackRD "72"]
[GameID "435131"]

1. d4 d5 2. c4 c6 3. Nc3 Nf6 4. Nf3 Bg4 5. e3 g6 6. Be2 Bg7 7. O-O O-O 8. b4 a6 9. a4 Bxf3 10. Bxf3 dxc4
11. Qe2 Nd5 12. Qxc4 Nxc3 13. Qxc3 Qc7 14. Bb2 Nd7 15. Rfb1 Rfc8 16. Qb3 e6 17. Rd1 Rab8 18. Rac1 Nb6 19. g3 Nd5 20. e4 Ne7
21. b5 axb5 22. axb5 Rd8 23. b6 Qd7 24. Qb4 Nc8 25. d5 Bxb2 26. dxc6 Qxc6 27. Rxd8+
1-0

[Event "Fast Slavian"]
[Site "SchemingMind.com"]
[Date "2018.11.26"]
[Round "-"]
[White "echecs"]
[Black "ray winteringham"]
[Result "1-0"]
[WhiteCountry "ENG"]
[BlackCountry "ENG"]
[WhiteElo "1834"]
[WhiteRD "61"]
[BlackElo "1463"]
[BlackRD "51"]
[GameID "435132"]

1. d4 d5 2. c4 c6 3. Nc3 e6 4. Nf3 Be7 5. e3 Nf6 6. Be2 Bd7 7. c5 O-O 8. O-O b6 9. b4 b5 10. a4 Na6
11. axb5 Nc7 12. bxc6 Bxc6 13. Rb1 h6 14. Ne5 Bd7 15. Nxd7 Nxd7 16. Bd2 f5 17. Ra1 g5 18. Qc2 g4 19. g3 h5 20. Nb5 Ne8
21. Nxa7 Qb8 22. Nc6
1-0

[Event "Fast Slavian"]
[Site "SchemingMind.com"]
[Date "2018.11.27"]
[Round "-"]
[White "ray winteringham"]
[Black "echecs"]
[Result "0-1"]
[WhiteCountry "ENG"]
[BlackCountry "ENG"]
[WhiteElo "1463"]
[WhiteRD "51"]
[BlackElo "1834"]
[BlackRD "61"]
[GameID "435133"]

1. d4 d5 2. c4 c6 3. e3 e6 4. a3 Nf6 5. Nc3 Be7 6. Nf3 O-O 7. h3 b6 8. Be2 Ba6 9. b3 Bd6 10. a4 Bb4
11. Bd2 Nbd7 12. O-O h6 13. Nh2 Nh7 14. f4 Ndf6 15. cxd5 Bxe2 16. Qxe2 cxd5 17. Nf3 a5 18. Ne5 Rc8 19. Nb5 Rc2 20. Rfc1 Rxd2
21. Qf1 Ne4 22. Nc6 Qh4
0-1

[Event "Fast Slavian"]
[Site "SchemingMind.com"]
[Date "2018.11.26"]
[Round "-"]
[White "echecs"]
[Black "Chessibelle"]
[Result "1-0"]
[WhiteCountry "ENG"]
[BlackCountry "ENG"]
[WhiteElo "1834"]
[WhiteRD "61"]
[BlackElo "1191"]
[BlackRD "61"]
[GameID "435134"]

1. d4 d5 2. c4 c6 3. Nc3 Nf6 4. Nf3 e6 5. cxd5 exd5 6. Qc2 a6 7. Bg5 Be7 8. e3 O-O 9. Bd3 Nbd7 10. Ne2 b5
11. Ng3 g6 12. Qxc6 Bb4+ 13. Nd2 Qa5 14. O-O Bxd2 15. Qxa8 Qb4 16. Qc6 Qxb2 17. Bxf6 Qa3 18. Bf5 Nxf6 19. Qxf6 Re8 20. Bxc8 Bb4
21. Bd7 Be7 22. Qf3 Qd6 23. Bxe8 Bf6 24. Qg4 Qe7 25. Qc8 Kg7 26. Rac1 Kh6 27. Rc7 Qb4 28. Qh3+ Kg7 29. Rxf7+ Kg8 30. Qxh7#
1-0

[Event "Fast Slavian"]
[Site "SchemingMind.com"]
[Date "2018.11.27"]
[Round "-"]
[White "Chessibelle"]
[Black "echecs"]
[Result "0-1"]
[WhiteCountry "ENG"]
[BlackCountry "ENG"]
[WhiteElo "1191"]
[WhiteRD "61"]
[BlackElo "1834"]
[BlackRD "61"]
[GameID "435135"]

1. d4 d5 2. c4 c6 3. Nf3 e6 4. Bd2 Nf6 5. g3 Be7 6. b3 Nbd7 7. Bg2 O-O 8. O-O b6 9. Nc3 a5 10. e3 Ba6
11. Re1 dxc4 12. Ng5 Nd5 13. Qc2 Bxg5 14. Bf3 cxb3 15. axb3 Rc8 16. Bd1 Qf6 17. Qe4 Qh6 18. Kg2 N7f6 19. Qf3 Nxc3 20. Bxc3 Bb7
21. Rh1 Rc7 22. Qe2 Ne4 23. Bb2 c5 24. Qb5 Nd6+
0-1

[Event "Fast Slavian"]
[Site "SchemingMind.com"]
[Date "2018.11.27"]
[Round "-"]
[White "echecs"]
[Black "flyinduck"]
[Result "0-1"]
[WhiteCountry "ENG"]
[BlackCountry "CAN"]
[WhiteElo "1830"]
[WhiteRD "61"]
[BlackElo "1985"]
[BlackRD "56"]
[GameID "435136"]

1. d4 d5 2. c4 c6 3. Nc3 e5 4. cxd5 cxd5 5. dxe5 d4 6. Ne4 Qa5+ 7. Nd2 Nc6 8. Nf3 Bg4 9. a3 O-O-O 10. g3 Bxf3
11. exf3 Qxe5+ 12. Qe2 Qxe2+ 13. Kxe2 d3+ 14. Kd1 f5 15. b4 Be7 16. Bb2 Bf6 17. Bxf6 Nxf6 18. Rc1 Kb8 19. Rc3 Ne5 20. h3 f4
21. gxf4 Nd5 22. fxe5 Nxc3+ 23. Kc1 Rhe8 24. f4 Rd4 25. f5 Ne2+ 26. Kb2 Rf4 27. Rh2 Rxe5 28. Rg2 Re7 29. Rg5 Rxf2 30. h4 Rc7
31. f6 Rxf6 32. Ne4 Rxf1
0-1

[Event "Fast Slavian"]
[Site "SchemingMind.com"]
[Date "2018.11.28"]
[Round "-"]
[White "flyinduck"]
[Black "echecs"]
[Result "1-0"]
[WhiteCountry "CAN"]
[BlackCountry "ENG"]
[WhiteElo "1985"]
[WhiteRD "56"]
[BlackElo "1830"]
[BlackRD "61"]
[GameID "435137"]

1. d4 d5 2. c4 c6 3. Nc3 Nf6 4. Nf3 e6 5. Bg5 Be7 6. e3 Nbd7 7. Qc2 O-O 8. Bd3 g6 9. O-O a6 10. Rfe1 Nh5
11. Bh6 Ng7 12. e4 dxe4 13. Nxe4 Re8 14. Rad1 Nf5 15. Bc1 b5 16. b3 Qc7 17. Bb2 Qf4 18. Ne5 Nxe5 19. dxe5 Bb7 20. c5 Red8
21. Nd6 Bc8 22. Bc1 Qh4 23. Re4
1-0

[Event "Fast Slavian"]
[Site "SchemingMind.com"]
[Date "2018.11.27"]
[Round "-"]
[White "echecs"]
[Black "willyboy"]
[Result "0-1"]
[WhiteCountry "ENG"]
[BlackCountry "AUT"]
[WhiteElo "1834"]
[WhiteRD "61"]
[BlackElo "2179"]
[BlackRD "64"]
[GameID "435138"]

1. d4 d5 2. c4 c6 3. Nc3 e6 4. Nf3 Nf6 5. e3 b6 6. Be2 Bd6 7. O-O O-O 8. Qc2 Bb7 9. b3 Nbd7 10. h3 Rc8
11. Bd3 c5 12. Bb2 dxc4 13. bxc4 cxd4 14. Nxd4 Ne5 15. Ncb5 Nxd3 16. Qxd3 Bb8 17. Qe2 a6 18. Nc3 Qc7 19. Na4 Qh2#
0-1

[Event "Fast Slavian"]
[Site "SchemingMind.com"]
[Date "2018.11.27"]
[Round "-"]
[White "willyboy"]
[Black "echecs"]
[Result "1-0"]
[WhiteCountry "AUT"]
[BlackCountry "ENG"]
[WhiteElo "2179"]
[WhiteRD "64"]
[BlackElo "1834"]
[BlackRD "61"]
[GameID "435139"]

1. d4 d5 2. c4 c6 3. Nc3 e6 4. e3 Nf6 5. Nf3 Nbd7 6. Bd3 Be7 7. O-O b6 8. cxd5 cxd5 9. b3 O-O 10. Bb2 Bd6
11. Nb5 Bb8 12. Qc2 g6 13. Ba3 Re8 14. Qc6 Ba6 15. Kh1 Bxb5 16. Bxb5 Bc7 17. Ba6 e5 18. Rac1 e4 19. Ng1 Bxh2 20. Kxh2 Ng4+
21. Kh1 Qh4+ 22. Nh3 Ngf6 23. Be7 Rab8 24. Qxd7
1-0

[Event "Fast Slavian"]
[Site "SchemingMind.com"]
[Date "2018.12.01"]
[Round "-"]
[White "Kenny Elliott"]
[Black "The Stonewall"]
[Result "0-1"]
[WhiteCountry "USA"]
[BlackCountry "ENG"]
[WhiteElo "1554"]
[WhiteRD "72"]
[BlackElo "2305"]
[BlackRD "82"]
[GameID "435203"]

1. d4 d5 2. c4 c6 3. Nf3 dxc4 4. Nc3 e6 5. e4 b5 6. a3 Nf6 7. Bg5 Be7 8. b4 a5 9. e5 Nd5 10. Bxe7 Qxe7
11. Nxd5 cxd5 12. Be2 axb4 13. O-O bxa3 14. Qd2 b4 15. Rfb1 b3 16. Bd1 b2 17. Ra2 Nc6 18. Qc3 Qb4 19. Qxb4 Nxb4 20. Nd2 Nxa2
21. Bc2 Nc3 22. Re1 a2 23. h3 a1=Q 24. Rxa1 bxa1=Q+
0-1

[Event "Fast Slavian"]
[Site "SchemingMind.com"]
[Date "2018.12.01"]
[Round "-"]
[White "The Stonewall"]
[Black "Kenny Elliott"]
[Result "1-0"]
[WhiteCountry "ENG"]
[BlackCountry "USA"]
[WhiteElo "2305"]
[WhiteRD "82"]
[BlackElo "1554"]
[BlackRD "72"]
[GameID "435204"]

1. d4 d5 2. c4 c6 3. e3 Nf6 4. Nf3 Bg4 5. h3 Bh5 6. Nbd2 e6 7. Bd3 Bb4 8. O-O Bxd2 9. Bxd2 Ne4 10. Bb4 Na6
11. Ba3 c5 12. cxd5 Qxd5 13. Qa4+ Kd8 14. Ne5 Qd6 15. Bxe4 Rb8 16. g4 Qe7 17. dxc5 Nxc5 18. Rfd1+ Kc8 19. Bxc5 Qh4 20. Qd7#
1-0

[Event "Fast Slavian"]
[Site "SchemingMind.com"]
[Date "2018.12.01"]
[Round "-"]
[White "echecs"]
[Black "The Stonewall"]
[Result "0-1"]
[WhiteCountry "ENG"]
[BlackCountry "ENG"]
[WhiteElo "1834"]
[WhiteRD "61"]
[BlackElo "2305"]
[BlackRD "82"]
[GameID "435205"]

1. d4 d5 2. c4 c6 3. Nf3 Nf6 4. Nc3 e6 5. e3 a6 6. Qc2 c5 7. cxd5 exd5 8. dxc5 Bxc5 9. Be2 Nc6 10. O-O O-O
11. Rd1 Ba7 12. a3 Be6 13. Nd4 Rc8 14. Nxe6 fxe6 15. Bd3 Ng4 16. Bxh7+ Kh8 17. Rf1 Qh4 18. h3 Bb8 19. f3 Qg3 20. hxg4 Qh2+
21. Kf2 Bg3+ 22. Ke2 Qxg2+ 23. Kd3 Ne5+ 24. Kd4 Rc4#
0-1